5HLuxD.jpg

KING HENRY VIII SENIOR AND PRIMARY SCHOOL LIBRARY OPAC

Mole is not alone / (Record no. 5023)

000 -LEADER
fixed length control field 00478cam a2200157 i 4500
008 - FIXED-LENGTH DATA ELEMENTS--GENERAL INFORMATION
fixed length control field 221102t20232023nyua b 000 1 eng d
010 ## - LIBRARY OF CONGRESS CONTROL NUMBER
LC control number 2022920589
020 ## - INTERNATIONAL STANDARD BOOK NUMBER
International Standard Book Number 9781250869647
Qualifying information (hardcover)
050 00 - LIBRARY OF CONGRESS CALL NUMBER
Classification number PZ7.1.T38375
Item number Mo 2023
082 04 - DEWEY DECIMAL CLASSIFICATION NUMBER
Classification number 813.6 TAT
Edition number 23
100 1# - MAIN ENTRY--PERSONAL NAME
Personal name Tatsukawa, Maya,
Relator term author,
-- illustrator.
245 10 - TITLE STATEMENT
Title Mole is not alone /
Statement of responsibility, etc. Maya Tatsukawa.
250 ## - EDITION STATEMENT
Edition statement First edition.
300 ## - PHYSICAL DESCRIPTION
Extent 1 volume (unpaged) :
Other physical details color illustrations ;
Dimensions 23 x 29 cm
942 ## - ADDED ENTRY ELEMENTS (KOHA)
Source of classification or shelving scheme
Holdings
Withdrawn status Lost status Source of classification or shelving scheme Damaged status Not for loan Collection code Permanent Location Current Location Shelving location Date acquired Total Checkouts Full call number Barcode Date last seen Date last checked out Price effective from Koha item type Public note
          Fiction KH8 Primary School Library KH8 Primary School Library Fiction 2025-05-13 3 E FIC TAT KHPL000006987 2025-12-05 2025-10-28 2025-05-13 Books - Fiction KH8 PRIMARY LIBRARY

Powered By KH8 IT Dept